000 00604nam a2200217Ia 4500
005 20250508162733.0
008 008 250505s9999 xx 000 0 eng d
020 _a0-13-498874-4
037 _aTextBook
040 _aFEDL
_beng
_cFEDL
041 _aeng
_2eng
084 _a370.1544, HER/R
_qFEDL
100 _aHergenhahn B R
_913781
245 0 _aIntroducation to theories of learning
250 _a3
260 _aNew Jersey, USA
_bPrentice-Hall International
_c1988
300 _avi,490p
365 _aUSD
_b13.95
942 _cTB
_h370.1544, HER/R
999 _c1378400
_d1378400